Geography Quiz

Random Geography or State Quiz
Score 0/41 Timer 10:00
3 Plays Today
Population Name % Correct
819,105Cherokee
78.2%
170,110Sioux
76%
332,129Navajo
64.2%
111,810Apache
59.7%
81,002Iroquois
59.5%
31,971Seminole
50.2%
33,360Iñupiat
45.1%
80,867Pueblo
44.9%
7,983Cree
41.2%
105,304Blackfeet
39.1%
170,742Chippewa
30.6%
23,330Comanche
29.9%
195,764Choctaw
29.6%
19,051Cheyenne
29.4%
88,332Creek
29.3%
11,491Ute
26.5%
15,203Crow
26.4%
10,861Arapaho
22.1%
18,264Delaware
21.1%
52,278Chickasaw
17.9%
13,002Shoshone
16.8%
Population Name % Correct
19,282Aleut
14.8%
13,787Kiowa
13.7%
18,576Osage
12.3%
13,767Paiute
12.3%
13,033Odawa
11.2%
26,080Tlingit-Haida
9.5%
26,655Pima
9.1%
33,771Potawatomi
8.5%
20,260Puget Sound Salish
8.5%
73,691Lumbee
8.4%
11,527Yakama
7.6%
11,133Menominee
7.2%
22,484Alaskan Athabaskan
6.6%
33,889Yup'ik
6.6%
3,755Tsimshian
6.4%
32,595Yaqui
6.3%
23,478Tohono O'odham
5.5%
10,768United Houma Nation
5.3%
10,089Quechan
5.2%
10,549Colville
5.1%
Remove Ads.
Support Sporcle.
Get the best of Sporcle when you Go Orange. This ad-free experience offers more features, more stats, and more fun while also helping to support Sporcle. Thank you for becoming a member.

You're not logged in!

Compare scores with friends on all Sporcle quizzes.
OR
Log In

Show Comments

Extras

Top Quizzes Today


Score Distribution

Your Account Isn't Verified!

In order to create a playlist on Sporcle, you need to verify the email address you used during registration. Go to your Sporcle Settings to finish the process.

Report this User

Report this user for behavior that violates our Community Guidelines.

Details: